Statistics for Movies that Start with O

Click here to take the quiz!

General Stats

  • This quiz has been taken 38,551 times
    (14,755 since last reset)
  • The average score is 9 of 17

Answer Stats

DescriptionMovie% Correct
One man and his ten closest associates plan an elaborate casino heistOcean's Eleven
93%
Cruel woman wants to turn puppies into fur coatsOne Hundred
and One Dalmatians
91%
Musical orphans and pickpockets want some more gruel in Victorian LondonOliver!
81%
Asylum patients are mistreated by a mean nurseOne Flew Over the
Cuckoo's Nest
67%
James Bond must deal with a sexy jewel smuggler with a ridiculous nameOctopussy
66%
Musical cowboys sing songs in a state where the wind comes sweeping down the plainOklahoma
58%
Couple adopt a child who turns out to be the antichristOmen, the
57%
Washed up actor and his stunt double have a run in with the Manson familyOnce Upon a Time
in Hollywood
52%
Boy in the Old West adopts a mongrel dog, has adventures, dog gets rabiesOld Yeller
50%
Miscellaneous North American animals band together to steal food
from humans in a residential subdivision
Over the Hedge
41%
Man of constant sorrow escapes the chain gang and has a
musical odyssey through the American South
O Brother,
Where Art Thou?
39%
The White House is improbably captured by North Koreans,
and only a disgraced former Secret Service agent can save the President
Olympus has Fallen
35%
Men in their thirties start an all-ages college fraternityOld School
33%
Hypnotized man avoids TPS reports, destroys a printer, and dates
a flair-wearing waitress
Office Space
31%
Dockworker coulda been a contenda but is now a bum - thanks to organized crimeOn the Waterfront
29%
Brat pack of Greasers rumble with the preppy Socs in 1960s TulsaOutsiders, the
29%
Trucker enters a high stakes arm-wrestling tournament to win $100,000 and a new truckOver the Top
21%

Score Distribution

Percentile by Number Answered

Percent of People with Each Score

Your Score History

You have not taken this quiz since the last reset